000 00428 a2200157 4500
001 189128
020 _a85-86584-86-X
040 _cMagnum
100 _aOliveira, Cláudio Brandão de
240 1 0 _aConstituição da República Federativa do Brasil
_lpor
245 1 0 _aConstituição da República Federativa do Brasil
300 _a335
362 0 _a2000
697 _aCIÊNCIA POLÍTICA E DISCIPLINAS AFINS
942 _cBK
999 _c189128
_d189128